[Event "Moravia-Silesia Region-chT 2223"]
[Site "Czech Republic"]
[Date "2023.04.02"]
[Round "11"]
[White "Poloch, Petr"]
[Black "Pohludka, Ondrej"]
[Result "1/2-1/2"]
[WhiteElo "2259"]
[BlackElo "1874"]
[PlyCount "33"]
[EventDate "2022.10.09"]
[EventType "team-tourn"]
[EventRounds "11"]
[EventCountry "CZE"]
[SourceTitle "EXT 2024"]
[Source "ChessBase"]
[SourceDate "2023.10.10"]
[SourceVersion "1"]
[SourceVersionDate "2023.10.10"]
[SourceQuality "1"]
[WhiteTeam "Karvina"]
[BlackTeam "Senov"]
[WhiteTeamCountry "CZE"]
[BlackTeamCountry "CZE"]

1. c4 c5 2. Nf3 Nf6 3. Nc3 Nc6 4. d4 cxd4 5. Nxd4 Qb6 6. Nb3 a6 7. e4 e6 8. Be3 Qc7 9. Rc1 Bb4 10. f3 0-0 11. Bd3 d5 12. cxd5 exd5 13. 0-0 dxe4 14. Nxe4 Be7 15. Bf2 Be6 16. Qc2 Qe5 17. Bg3 1/2-1/2

[Event "Moravia-Silesia Region-chT 2223"]
[Site "Czech Republic"]
[Date "2023.03.19"]
[Round "10"]
[White "Pohludka, Ondrej"]
[Black "Smely, Pavel"]
[Result "0-1"]
[WhiteElo "1903"]
[BlackElo "1819"]
[PlyCount "86"]
[EventDate "2022.10.09"]
[EventType "team-tourn"]
[EventRounds "11"]
[EventCountry "CZE"]
[SourceTitle "EXT 2024"]
[Source "ChessBase"]
[SourceDate "2023.10.10"]
[SourceVersion "1"]
[SourceVersionDate "2023.10.10"]
[SourceQuality "1"]
[WhiteTeam "Senov"]
[BlackTeam "Koprivnice Tatra II"]
[WhiteTeamCountry "CZE"]
[BlackTeamCountry "CZE"]

1. e4 c5 2. Nf3 Nc6 3. c3 e6 4. d4 cxd4 5. cxd4 Nf6 6. Bd3 Be7 7. 0-0 0-0 8. a3 d6 9. Nc3 e5 10. d5 Nb8 11. b4 a6 12. h3 h6 13. Be3 Nbd7 14. Qd2 Nh7 15. Kh1 b5 16. a4 bxa4 17. Rxa4 Ng5 18. Nxg5 Bxg5 19. Rfa1 Nb6 20. R4a2 Qc7 21. Bxg5 hxg5 22. Bxa6 Bxa6 23. Rxa6 Rxa6 24. Rxa6 Rb8 25. Nb5 Qc4 26. Ra5 Nc8 27. Na7 Nxa7 28. Rxa7 Qxe4 29. f3 Qd4 30. Qa2 Rxb4 31. Ra8+ Kh7 32. Qc2+ g6 33. Rf8 Qf4 34. Rc8 Rd4 35. Rc7 Kg7 36. Qb3 Rd2 37. Rc4 Qf6 38. Ra4 Qe7 39. Rb4 Qa7 40. Rg4 Qa1+ 41. Kh2 Rd1 42. Qe3 f5 43. Qb6 Rh1+ 0-1

[Event "Moravia-Silesia Region-chT 2223"]
[Site "Czech Republic"]
[Date "2023.02.26"]
[Round "9"]
[White "Dostal, Radim"]
[Black "Pohludka, Ondrej"]
[Result "1/2-1/2"]
[WhiteElo "1980"]
[BlackElo "1888"]
[PlyCount "139"]
[EventDate "2022.10.09"]
[EventType "team-tourn"]
[EventRounds "11"]
[EventCountry "CZE"]
[SourceTitle "EXT 2024"]
[Source "ChessBase"]
[SourceDate "2023.10.10"]
[SourceVersion "1"]
[SourceVersionDate "2023.10.10"]
[SourceQuality "1"]
[WhiteTeam "Poruba Slavoj IV"]
[BlackTeam "Senov"]
[WhiteTeamCountry "CZE"]
[BlackTeamCountry "CZE"]

1. e4 e5 2. Nf3 Nc6 3. Bc4 Bc5 4. b4 Bxb4 5. c3 Be7 6. d4 d6 7. dxe5 Na5 8. Bxf7+ Kxf7 9. Qd5+ Kf8 10. Qxa5 dxe5 11. 0-0 c5 12. Qxd8+ Bxd8 13. Nxe5 Nf6 14. f3 Bc7 15. Bf4 Bxe5 16. Bxe5 Kf7 17. Rd1 Be6 18. Na3 Rhd8 19. Nb5 Rxd1+ 20. Rxd1 Bxa2 21. Nd6+ Ke6 22. Bxf6 Kxf6 23. Nxb7 c4 24. Ra1 Bb3 25. Ra6+ Ke7 26. Na5 Ba4 27. Nb7 Bb5 28. Ra1 a6 29. Rd1 a5 30. Nd6 Ba4 31. Rd4 Bb3 32. Nb5 a4 33. Na3 Ba2 34. Kf2 Rb8 35. Nxc4 Bxc4 36. Rxc4 Ra8 37. Rd4 a3 38. Rd1 Rc8 39. Rc1 Kd6 40. Ke2 Rb8 41. Kd3 Rb2 42. g4 a2 43. Ra1 Rxh2 44. Kd4 Rd2+ 45. Ke3 Rc2 46. Kd3 Rf2 47. Ke3 Rc2 48. Kd4 Rd2+ 49. Kc4 Rf2 50. g5 h5 51. gxh6 gxh6 52. Kd4 Rd2+ 53. Ke3 Rc2 54. Kf4 h5 55. Kg5 Rxc3 56. f4 Rg3+ 57. Kxh5 Rg2 58. Kh4 Ke6 59. Kh3 Re2 60. Kg4 Rxe4 61. Rxa2 Rb4 62. Ra6+ Kf7 63. Kg5 Rb5+ 64. f5 Rb7 65. Rh6 Rb1 66. Rh7+ Kg8 67. Ra7 Rb6 68. Re7 Kf8 69. Rc7 Kg8 70. Rd7 1/2-1/2

[Event "Moravia-Silesia Region-chT 2223"]
[Site "Czech Republic"]
[Date "2022.11.13"]
[Round "3"]
[White "Matonoha, Petr"]
[Black "Pohludka, Ondrej"]
[Result "1-0"]
[WhiteElo "1984"]
[BlackElo "1906"]
[PlyCount "21"]
[EventDate "2022.10.09"]
[EventType "team-tourn"]
[EventRounds "11"]
[EventCountry "CZE"]
[SourceTitle "EXT 2024"]
[Source "ChessBase"]
[SourceDate "2023.10.10"]
[SourceVersion "1"]
[SourceVersionDate "2023.10.10"]
[SourceQuality "1"]
[WhiteTeam "Bruntal"]
[BlackTeam "Senov"]
[WhiteTeamCountry "CZE"]
[BlackTeamCountry "CZE"]

1. e4 c5 2. Nf3 Nc6 3. d4 d5 4. exd5 Qxd5 5. Nc3 Qe6+ 6. Be3 cxd4 7. Nxd4 Qd7 8. Ndb5 Rb8 9. Qf3 f6 10. Bc4 e6 11. Bxe6 1-0

[Event "Havirov op 14th"]
[Site "Havirov"]
[Date "2013.08.27"]
[Round "4"]
[White "Pohludka, Ondrej"]
[Black "Repak, Jan"]
[Result "1/2-1/2"]
[WhiteElo "1991"]
[BlackElo "1622"]
[PlyCount "86"]
[EventDate "2013.08.24"]
[EventType "swiss"]
[EventRounds "9"]
[EventCountry "CZE"]
[SourceTitle "CBM 156 Extra"]
[Source "ChessBase"]
[SourceDate "2013.10.22"]
[SourceVersion "1"]
[SourceVersionDate "2013.10.22"]
[SourceQuality "1"]

1. c4 Nf6 2. d4 g6 3. Nc3 d5 4. cxd5 Nxd5 5. e4 Nxc3 6. bxc3 Bg7 7. Nf3 c5 8. Bb5+ Bd7 9. Bxd7+ Nxd7 10. 0-0 0-0 11. Qb3 cxd4 12. cxd4 Qb6 13. Qxb6 Nxb6 14. Ba3 Rfe8 15. Rac1 e5 16. dxe5 Bxe5 17. Nxe5 Rxe5 18. f3 Ra5 19. Rc3 Rc8 20. Rfc1 Rxa3 21. Rxc8+ Nxc8 22. Rxc8+ Kg7 23. Rc2 b5 24. Kf2 b4 25. g4 a5 26. h4 a4 27. Kg3 h6 28. Kf4 g5+ 29. hxg5 hxg5+ 30. Kxg5 Rxf3 31. Rc4 f6+ 32. Kh4 Ra3 33. Rxb4 Rxa2 34. g5 fxg5+ 35. Kxg5 a3 36. Rb7+ Kf8 37. Ra7 Ra1 38. Kf6 Ke8 39. Ke6 Kd8 40. e5 a2 41. Rd7+ Kc8 42. Rd2 Kc7 43. Ke7 Re1 1/2-1/2

[Event "CZE-chT2F 1011"]
[Site "Czech Republic"]
[Date "2011.04.10"]
[Round "11.3"]
[White "Pohludka, Ondrej"]
[Black "Trapl, Dalibor"]
[Result "0-1"]
[WhiteElo "2135"]
[BlackElo "2104"]
[PlyCount "156"]
[EventDate "2010.10.17"]
[EventType "team-tourn"]
[EventRounds "11"]
[EventCountry "CZE"]
[SourceTitle "EXT 2012"]
[Source "ChessBase"]
[SourceDate "2011.11.24"]
[SourceVersion "1"]
[SourceVersionDate "2011.11.24"]
[SourceQuality "1"]
[WhiteTeam "Senov"]
[BlackTeam "Poruba VOKD"]
[WhiteTeamCountry "CZE"]
[BlackTeamCountry "CZE"]

1. e4 c5 2. Nf3 Nc6 3. c3 d5 4. exd5 Qxd5 5. Be2 e5 6. d3 Bf5 7. Nh4 Be6 8. 0-0 Rd8 9. Qa4 Be7 10. Nf3 Nf6 11. Ng5 Bf5 12. d4 0-0 13. Bc4 Qd7 14. dxe5 Nxe5 15. Qxd7 Rxd7 16. Bb5 Rdd8 17. Nd2 Nd3 18. Bxd3 Bxd3 19. Re1 Rfe8 20. Nf1 c4 21. Be3 Ng4 22. Nf3 Nxe3 23. Rxe3 Bf6 24. Rd1 b5 25. Ne1 Bg6 26. Rxe8+ Rxe8 27. Ne3 Rd8 28. Rxd8+ Bxd8 29. Kf1 Kf8 30. Ke2 Ke8 31. N1c2 Bf6 32. Nb4 Kd7 33. a3 a5 34. Nbc2 Kc6 35. Kd2 Kc5 36. g3 Be4 37. Ke2 g5 38. h3 Be5 39. Ne1 b4 40. axb4+ axb4 41. Nd1 f5 42. Kd2 h5 43. Nc2 b3 44. Ne1 g4 45. hxg4 fxg4 46. Ne3 Bf6 47. Nd1 Bg5+ 48. Ke2 Bc1 49. f3 gxf3+ 50. Nxf3 Bc2 51. Ne5 Kd5 52. Nd7 Bf5 53. Nf6+ Ke6 54. Ne8 Bg4+ 55. Ke1 Bxd1 56. Kxd1 Bxb2 57. Kd2 Ba3 58. Ng7+ Ke5 59. Nxh5 Bf8 60. Kc1 Bh6+ 61. Kb2 Kf5 62. g4+ Kxg4 63. Nf6+ Kf5 64. Nd5 Ke4 65. Nb4 Bg7 66. Nc6 Kd3 67. Nb4+ Kd2 68. Nd5 Be5 69. Nb6 Bxc3+ 70. Kb1 Kd3 71. Nd5 Bd4 72. Nb4+ Kd2 73. Nc6 Bb6 74. Ne5 c3 75. Nc4+ Kd1 76. Nb2+ Ke2 77. Kc1 Be3+ 78. Kb1 c2+ 0-1

[Event "CZE-chT2F 1011"]
[Site "Czech Republic"]
[Date "2011.03.27"]
[Round "10.2"]
[White "Pohludka, Ondrej"]
[Black "Cempel, Jaroslav"]
[Result "0-1"]
[WhiteElo "2135"]
[BlackElo "2290"]
[PlyCount "100"]
[EventDate "2010.10.17"]
[EventType "team-tourn"]
[EventRounds "11"]
[EventCountry "CZE"]
[SourceTitle "EXT 2012"]
[Source "ChessBase"]
[SourceDate "2011.11.24"]
[SourceVersion "1"]
[SourceVersionDate "2011.11.24"]
[SourceQuality "1"]
[WhiteTeam "Senov"]
[BlackTeam "Opava"]
[WhiteTeamCountry "CZE"]
[BlackTeamCountry "CZE"]

1. e4 d5 2. e5 Bf5 3. d4 c5 4. c3 e6 5. a3 Nc6 6. b4 cxb4 7. cxb4 f6 8. exf6 Qxf6 9. Bb2 Bd6 10. Nf3 Nge7 11. Be2 0-0 12. 0-0 Ng6 13. Nbd2 Nf4 14. b5 Nb8 15. Ne5 Bxe5 16. dxe5 Qg6 17. Bf3 Bd3 18. Bd4 Bxf1 19. Nxf1 Nd7 20. Ng3 Qd3 21. a4 Qxd1+ 22. Rxd1 Ng6 23. Bg4 Rfe8 24. Bh5 Rec8 25. Bxg6 hxg6 26. Ne2 Rc4 27. a5 Nc5 28. Rc1 Rxc1+ 29. Nxc1 b6 30. g3 Rc8 31. axb6 axb6 32. Ne2 Nd7 33. f4 Rc4 34. Bf2 Kf7 35. Kg2 Nc5 36. Nd4 Rb4 37. h4 Rb2 38. Kf3 Nb3 39. Nc6 Nd2+ 40. Kg4 Rxb5 41. Nd8+ Ke7 42. Nc6+ Kd7 43. Nd4 Rb1 44. Be3 Ne4 45. Nf3 b5 46. Ng5 b4 47. Nxe4 dxe4 48. Kg5 Rb3 49. Bf2 Rf3 50. Be1 b3 0-1

[Event "CZE-chT2F 1011"]
[Site "Czech Republic"]
[Date "2011.02.20"]
[Round "8.4"]
[White "Pohludka, Ondrej"]
[Black "Stukner, Simon"]
[Result "1/2-1/2"]
[WhiteElo "2135"]
[BlackElo "2159"]
[PlyCount "126"]
[EventDate "2010.10.17"]
[EventType "team-tourn"]
[EventRounds "11"]
[EventCountry "CZE"]
[SourceTitle "EXT 2012"]
[Source "ChessBase"]
[SourceDate "2011.11.24"]
[SourceVersion "1"]
[SourceVersionDate "2011.11.24"]
[SourceQuality "1"]
[WhiteTeam "Senov"]
[BlackTeam "Dobra"]
[WhiteTeamCountry "CZE"]
[BlackTeamCountry "CZE"]

1. e4 c5 2. Nf3 Nc6 3. d4 cxd4 4. Nxd4 Nf6 5. Nc3 d6 6. Be2 e5 7. Nxc6 bxc6 8. Bg5 h6 9. Bh4 Rb8 10. Rb1 Qa5 11. 0-0 g5 12. Bg3 Be7 13. a3 0-0 14. Qe1 Kh8 15. Qc1 Nh7 16. Qe3 Be6 17. Kh1 Rb7 18. b4 Qb6 19. Qd2 Qd4 20. Bd3 f5 21. f3 Qb6 22. Bf2 Qd8 23. exf5 Bxf5 24. Bxf5 Rxf5 25. Ne4 Nf8 26. Qd3 Rf7 27. Rbd1 d5 28. Nc5 Bxc5 29. Bxc5 Qf6 30. Rfe1 Ne6 31. Bd6 Nf4 32. Bxe5 Qxe5 33. Rxe5 Nxd3 34. Rxd3 a5 35. c3 axb4 36. axb4 Kg7 37. h3 Ra7 38. Re6 Rf6 39. Rde3 Ra3 40. Re7+ Rf7 41. Re8 Kg6 42. Kg1 Ra2 43. Rg8+ Kf5 44. Rge8 Rc2 45. R8e5+ Kg6 46. b5 cxb5 47. Rxd5 Ra7 48. Re6+ Kg7 49. Rxb5 Raa2 50. Rb7+ Kf8 51. Rxh6 Rxg2+ 52. Kf1 Kg8 53. Rg6+ Kf8 54. Rd6 Raf2+ 55. Ke1 Re2+ 56. Kd1 Re8 57. Rf6+ Kg8 58. Rg6+ Kf8 59. h4 Ra8 60. Rb1 Raa2 61. Rxg5 Rad2+ 62. Ke1 Rde2+ 63. Kf1 Ref2+ 1/2-1/2

[Event "CZE-chT2F 1011"]
[Site "Czech Republic"]
[Date "2010.11.07"]
[Round "2.4"]
[White "Taus, Martin"]
[Black "Pohludka, Ondrej"]
[Result "0-1"]
[WhiteElo "2119"]
[BlackElo "2135"]
[PlyCount "74"]
[EventDate "2010.10.17"]
[EventType "team-tourn"]
[EventRounds "11"]
[EventCountry "CZE"]
[SourceTitle "EXT 2012"]
[Source "ChessBase"]
[SourceDate "2011.11.24"]
[SourceVersion "1"]
[SourceVersionDate "2011.11.24"]
[SourceQuality "1"]
[WhiteTeam "Ostrava Mittal II"]
[BlackTeam "Senov"]
[WhiteTeamCountry "CZE"]
[BlackTeamCountry "CZE"]

1. d4 d5 2. c4 c6 3. cxd5 cxd5 4. Nc3 Nf6 5. Bf4 a6 6. e3 e6 7. Bd3 Bd6 8. Bxd6 Qxd6 9. Nf3 Nc6 10. 0-0 0-0 11. Na4 Nd7 12. Rc1 f5 13. Nd2 b5 14. Nc5 Nxc5 15. Rxc5 Bd7 16. f4 Na5 17. Nb3 Nc4 18. Qe2 Qb6 19. Rc1 a5 20. Na1 a4 21. b3 axb3 22. axb3 Nd6 23. Nc2 Nb7 24. b4 Nxc5 25. dxc5 Qa6 26. Nd4 Qa3 27. Qd2 Ra4 28. c6 Bc8 29. Nc2 Qb2 30. Bxb5 Rxb4 31. Qxb4 Qxc1+ 32. Ne1 Qxe3+ 33. Kf1 Qb6 34. Qa4 Rf7 35. Qa8 Qxb5+ 36. Kf2 Rc7 37. Nf3 Qxc6 0-1

[Event "CZE-chT2F 1011"]
[Site "Czech Republic"]
[Date "2010.10.17"]
[Round "1.4"]
[White "Pohludka, Ondrej"]
[Black "Pilch, Roman"]
[Result "0-1"]
[WhiteElo "2135"]
[BlackElo "2101"]
[PlyCount "76"]
[EventDate "2010.10.17"]
[EventType "team-tourn"]
[EventRounds "11"]
[EventCountry "CZE"]
[SourceTitle "EXT 2012"]
[Source "ChessBase"]
[SourceDate "2011.11.24"]
[SourceVersion "1"]
[SourceVersionDate "2011.11.24"]
[SourceQuality "1"]
[WhiteTeam "Senov"]
[BlackTeam "Trinec III"]
[WhiteTeamCountry "CZE"]
[BlackTeamCountry "CZE"]

1. e4 c5 2. c3 Nf6 3. d3 Nc6 4. Nf3 d5 5. e5 Ng8 6. h3 Bf5 7. a3 e6 8. d4 Qb6 9. b4 cxd4 10. cxd4 Nge7 11. Be3 Be4 12. Nbd2 Nf5 13. Nb3 Be7 14. Be2 0-0 15. 0-0 Rfc8 16. Rc1 a5 17. b5 Na7 18. a4 Rxc1 19. Qxc1 Rc8 20. Qa1 Rc2 21. Bd1 Rc8 22. Be2 Bxf3 23. Bxf3 Nxe3 24. fxe3 Bg5 25. Qe1 Rc4 26. Nc5 Qc7 27. Bg4 Qe7 28. Qf2 Rc3 29. Re1 b6 30. Na6 Qa3 31. Kh1 Bxe3 32. Qh4 g5 33. Qh6 Rc1 34. Rd1 Rxd1+ 35. Bxd1 Qd3 36. Qh5 Qf1+ 37. Kh2 Bg1+ 38. Kh1 Bf2+ 0-1